| 000 | 00751 a2200217 4500 | ||
|---|---|---|---|
| 001 | 46730 | ||
| 005 | 20260407155738.0 | ||
| 008 | 260407a1976 arg spa d | ||
| 003 | AR-UNSa-BCEJYS | ||
| 040 |
_aAR-UNSa-BCEJYS _bspa _cAR-UNSa-BCEJYS |
||
| 080 |
_a347.72 _xSociedades comerciales |
||
| 245 | 1 | 0 |
_aSociedades Comerciales _panálisis y comentario de la Ley 19550 y Complementarias |
| 264 | 1 |
_aBuenos Aires : _bDepalma _c1976 |
|
| 300 |
_a540 p. _c23 cm. |
||
| 505 | _a1. Disposiciones generales - 2. De las sociedades en particular - 3. De las disposiciones de aplicación y transitorias. | ||
| 041 | _aspa | ||
| 942 | _cBK | ||
| 590 | _aniveau_biblio:m niveau_hierar:0 | ||
| 100 | 1 | _aGarcia Cuerva, Héctor M. | |
| 700 | 1 | _aArecha, Martín | |
| 999 |
_c4238 _d4238 |
||